[Event "Czech Open GM 2019"]
[Site "Pardubice"]
[Date "2019.07.24"]
[Round "6.25"]
[White "Ivanov, Igor"]
[Black "Najdin, Danil"]
[Result "0-1"]
[WhiteElo "2203"]
[BlackElo "2314"]
[Annotator "NA"]
[PlyCount "110"]
[EventDate "2019.07.19"]
[EventType "swiss"]
[EventCountry "CZE"]
[SourceTitle "playchess.com"]
[Source "ChessBase"]
[SourceQuality "1"]

1. c4 e6 2. e4 c5 3. Nf3 a6 4. Nc3 Nc6 5. d4 cxd4 6. Nxd4 Nxd4 7. Qxd4 Ne7 8. Bf4 Nc6 9. Qd2 Bc5 10. Be2 d6 11. O-O O-O 12. Be3 b6 13. Na4 e5 14. Rfd1 Bd4 15. Nc3 Be6 16. Rac1 Qb8 17. Nd5 a5 18. Bf1 Qb7 19. Nc3 Rfd8 20. Bxd4 Nxd4 21. f3 Rac8 22. b3 Rc5 23. Nb5 Nxb5 24. cxb5 Qc7 25. Rxc5 Qxc5+ 26. Qf2 Qxf2+ 27. Kxf2 Kf8 28. Ke3 Ke7 29. Bc4 Rc8 30. Kd3 f5 31. a4 g5 32. h3 h5 33. Rh1 Rc5 34. g4 d5 35. exd5 Bxd5 36. Rf1 Bxf3 37. gxf5 e4+ 38. Ke3 Rxf5 39. b4 axb4 40. a5 bxa5 41. b6 Rf6 42. b7 Rb6 43. Bd5 Kd6 44. Bxe4 g4 45. hxg4 hxg4 46. Bxf3 gxf3 47. Ra1 Rxb7 48. Rxa5 b3 49. Ra1 b2 50. Rb1 Rb3+ 51. Kd2 Ke5 52. Kc2 Rb8 53. Re1+ Kf4 54. Kb1 f2 55. Rh1 Kg3 0-1

[Event "Czech Open GM 2019"]
[Site "Pardubice"]
[Date "2019.07.24"]
[Round "6.26"]
[White "Teclaf, Pawel"]
[Black "Myshakov, Fyodor"]
[Result "1/2-1/2"]
[WhiteElo "2454"]
[BlackElo "2295"]
[Annotator "ChessBase"]
[PlyCount "66"]
[EventDate "2019.07.19"]
[EventType "swiss"]
[EventCountry "CZE"]
[SourceTitle "playchess.com"]
[Source "ChessBase"]
[SourceQuality "1"]

1. e4 c6 2. d4 d5 3. f3 e6 4. Nc3 Bb4 5. Bf4 Ne7 6. Qd3 Ng6 7. Bd2 dxe4 8. Nxe4 Bxd2+ 9. Qxd2 O-O 10. h4 Nxh4 11. O-O-O Ng6 12. g4 Qc7 13. Kb1 Rd8 14. Bd3 Nd7 15. Ne2 Ndf8 16. f4 b5 17. Ng5 f5 18. gxf5 exf5 19. Qc3 Nxf4 20. Nxf4 Qxf4 21. Qb3+ Rd5 22. c4 Rd6 23. c5+ Re6 24. Rhg1 Kh8 25. Nf7+ Kg8 26. Ng5 Kh8 27. Nf7+ Kg8 28. Rgf1 Qe3 29. Rxf5 a5 30. Re5 Qf2 31. Rf5 Qe3 32. Re5 Qf2 33. Rf5 Qe3 1/2-1/2

[Event "Czech Open GM 2019"]
[Site "Pardubice"]
[Date "2019.07.24"]
[Round "6.26"]
[White "Voinikonis, Nikita"]
[Black "Thakur, Akash"]
[Result "1/2-1/2"]
[WhiteElo "2137"]
[BlackElo "2311"]
[Annotator "NA"]
[PlyCount "66"]
[EventDate "2019.07.19"]
[EventType "swiss"]
[EventCountry "CZE"]
[SourceTitle "playchess.com"]
[Source "ChessBase"]
[SourceQuality "1"]

1. d4 Nf6 2. Bg5 Ne4 3. Bf4 d5 4. Nd2 Bf5 5. e3 e6 6. Ngf3 Bd6 7. Bg3 Nd7 8. Nxe4 Bxe4 9. Be2 Qe7 10. O-O Bxg3 11. hxg3 h5 12. Bd3 g5 13. Bxe4 dxe4 14. Nd2 f5 15. f3 exf3 16. Qxf3 O-O-O 17. e4 g4 18. Qf4 Rdf8 19. Rae1 Qf6 20. exf5 exf5 21. Re3 h4 22. Rc3 Qd8 23. Re1 Nb6 24. Rc5 Kb8 25. c4 hxg3 26. Nf1 Qd6 27. Ree5 Rd8 28. Rxf5 Qxd4+ 29. Qxd4 Rxd4 30. b3 Rd1 31. Rf7 c6 32. Rg5 Nd7 33. Rf4 Ra1 1/2-1/2

[Event "Czech Open GM 2019"]
[Site "Pardubice"]
[Date "2019.07.24"]
[Round "6.27"]
[White "Ostrovskiy, Aleksandr"]
[Black "Hollan, Petr"]
[Result "1/2-1/2"]
[WhiteElo "2453"]
[BlackElo "2287"]
[Annotator "ChessBase"]
[PlyCount "96"]
[EventDate "2019.07.19"]
[EventType "swiss"]
[EventCountry "CZE"]
[SourceTitle "playchess.com"]
[Source "ChessBase"]
[SourceQuality "1"]

1. e4 e6 2. d4 d5 3. Nc3 Nf6 4. e5 Nfd7 5. f4 c5 6. Nf3 Be7 7. Be3 Nc6 8. Qd2 O-O 9. Be2 b6 10. O-O cxd4 11. Nxd4 Nxd4 12. Bxd4 Nb8 13. Bf2 Nc6 14. a3 Bb7 15. Bd3 Rc8 16. Rae1 g6 17. Ne2 f6 18. exf6 Bxf6 19. c3 e5 20. fxe5 Nxe5 21. Bd4 Qd6 22. Qf4 Rcd8 23. Qg3 Bg7 24. Rxf8+ Rxf8 25. Rf1 Rxf1+ 26. Kxf1 Qf8+ 27. Kg1 Qe8 28. Qe3 Bc6 29. Ba6 Qe6 30. Nf4 Qf5 31. Bf1 Kf7 32. h3 h5 33. b4 Bf6 34. Be2 h4 35. b5 Bb7 36. Bd3 Nxd3 37. Nxd3 Bg5 38. Ne5+ Ke6 39. Qe1 Qe4 40. Qf1 Be3+ 41. Kh1 Bxd4 42. cxd4 Qxd4 43. Nxg6 Qe4 44. Nf4+ Kd6 45. Nd3 d4 46. Qf6+ Kd5 47. Qf7+ Kd6 48. Qf6+ Kd5 1/2-1/2

[Event "Czech Open GM 2019"]
[Site "Pardubice"]
[Date "2019.07.24"]
[Round "6.27"]
[White "Nun, Jiri"]
[Black "Parizek, Vojtech"]
[Result "1/2-1/2"]
[WhiteElo "2310"]
[BlackElo "2199"]
[Annotator "NA"]
[PlyCount "70"]
[EventDate "2019.07.19"]
[EventType "swiss"]
[EventCountry "CZE"]
[SourceTitle "playchess.com"]
[Source "ChessBase"]
[SourceQuality "1"]

1. e4 c5 2. Nf3 d6 3. c3 Nf6 4. Be2 g6 5. O-O Bg7 6. Bb5+ Nc6 7. d4 Bd7 8. d5 Ne5 9. Bxd7+ Nfxd7 10. Nxe5 Nxe5 11. f4 Nd7 12. a4 O-O 13. f5 Re8 14. Be3 Ne5 15. Nd2 e6 16. dxe6 fxe6 17. fxg6 Nxg6 18. Nf3 Rf8 19. Qb3 Qe7 20. Rad1 Rae8 21. Bg5 Bf6 22. Bh6 Bg7 23. Bxg7 Kxg7 24. c4 e5 25. g3 Rf6 26. Qe3 Ref8 27. b3 Qe6 28. Ng5 Qg4 29. h3 Qh5 30. Kg2 Rxf1 31. Rxf1 Rxf1 32. Kxf1 h6 33. Nf3 Qxh3+ 34. Kf2 Qe6 35. Qd2 b6 1/2-1/2

[Event "Czech Open GM 2019"]
[Site "Pardubice"]
[Date "2019.07.24"]
[Round "6.28"]
[White "Kenneskog, Theodor"]
[Black "Novik, Maxim"]
[Result "1/2-1/2"]
[WhiteElo "2284"]
[BlackElo "2450"]
[Annotator "ChessBase"]
[PlyCount "97"]
[EventDate "2019.07.19"]
[EventType "swiss"]
[EventCountry "CZE"]
[SourceTitle "playchess.com"]
[Source "ChessBase"]
[SourceQuality "1"]

1. d4 Nf6 2. c4 g6 3. Nc3 d5 4. cxd5 Nxd5 5. e4 Nxc3 6. bxc3 c5 7. Nf3 Bg7 8. Rb1 O-O 9. Be2 cxd4 10. cxd4 Qa5+ 11. Bd2 Qxa2 12. O-O b6 13. Qc1 Bb7 14. Bc4 Qa4 15. Bb5 Qa2 16. Re1 Rc8 17. Qd1 Qc2 18. Qe2 Qc7 19. Rbc1 Qd8 20. Rxc8 Bxc8 21. Bf4 Bd7 22. Rc1 Bxb5 23. Qxb5 Nd7 24. Qc6 a5 25. Bc7 Qc8 26. e5 e6 27. d5 exd5 28. e6 fxe6 29. Qxe6+ Kh8 30. Ng5 Ne5 31. Qxd5 a4 32. f4 Ra5 33. Qd2 Nd3 34. Qxd3 h6 35. Nf7+ Kh7 36. Nd6 Qe6 37. Rd1 a3 38. Bxb6 Ra4 39. f5 gxf5 40. Qb5 Ra8 41. Qxf5+ Qxf5 42. Nxf5 a2 43. Nxg7 a1=Q 44. Rxa1 Rxa1+ 45. Kf2 Ra2+ 46. Kf3 Kxg7 47. Be3 Kg6 48. h3 h5 49. Bf2 1/2-1/2

[Event "Czech Open GM 2019"]
[Site "Pardubice"]
[Date "2019.07.24"]
[Round "6.28"]
[White "Medvedyk, Volodymyr"]
[Black "Karsay, Pascal"]
[Result "1-0"]
[WhiteElo "2197"]
[BlackElo "2304"]
[Annotator "NA"]
[PlyCount "125"]
[EventDate "2019.07.19"]
[EventType "swiss"]
[EventCountry "CZE"]
[SourceTitle "playchess.com"]
[Source "ChessBase"]
[SourceQuality "1"]

1. d4 Nf6 2. c4 e6 3. g3 c5 4. d5 exd5 5. cxd5 d6 6. Nc3 g6 7. Bg2 Bg7 8. Nf3 O-O 9. O-O Re8 10. Bf4 Na6 11. Re1 Ne4 12. Nxe4 Rxe4 13. Nd2 Rxf4 14. gxf4 Bxb2 15. Rb1 Bg7 16. e4 Nb4 17. Qb3 Qf6 18. a3 Qxf4 19. Nc4 Na6 20. Qg3 Qxg3 21. hxg3 Bf8 22. e5 dxe5 23. d6 Rb8 24. Bd5 Kg7 25. Nxe5 Bxd6 26. Nxf7 Bf8 27. Nd8 b5 28. Nc6 Rb6 29. Nxa7 Bd7 30. Red1 Bd6 31. Bc4 b4 32. a4 Bxa4 33. Nc8 Bxd1 34. Nxb6 Bc2 35. Rb2 b3 36. Bxa6 Be5 37. Nc4 Bc3 38. Bb5 Kf6 39. f4 Bd4+ 40. Kg2 Be4+ 41. Kh3 Bxb2 42. Nxb2 g5 43. Be2 Bc2 44. Kg2 gxf4 45. gxf4 Kf5 46. Kf3 h5 47. Ba6 Be4+ 48. Ke3 Bd5 49. Na4 c4 50. Nc3 b2 51. Bc8+ Be6 52. Bb7 Kg4 53. Bf3+ Kh4 54. Ke4 Bf7 55. f5 Kg3 56. Ke3 h4 57. Ne2+ Kh2 58. Be4 Kh3 59. Kf4 Kh2 60. f6 h3 61. Ke3 Bd5 62. Nc3 Bxe4 63. f7 1-0

[Event "Czech Open GM 2019"]
[Site "Pardubice"]
[Date "2019.07.24"]
[Round "6.29"]
[White "Piesik, Piotr"]
[Black "Tate, Alan"]
[Result "0-1"]
[WhiteElo "2421"]
[BlackElo "2283"]
[Annotator "NA"]
[PlyCount "118"]
[EventDate "2019.07.19"]
[EventType "swiss"]
[EventCountry "CZE"]
[SourceTitle "playchess.com"]
[Source "ChessBase"]
[SourceQuality "1"]

1. Nf3 d5 2. g3 Bg4 3. Bg2 c6 4. O-O Nd7 5. d3 Ngf6 6. Nbd2 e5 7. e4 dxe4 8. dxe4 Bc5 9. h3 Bh5 10. Qe1 O-O 11. Nc4 Re8 12. b4 Bf8 13. Bb2 Qc7 14. a4 b5 15. axb5 cxb5 16. Ne3 Bg6 17. Qe2 Bxe4 18. c3 Qb7 19. Rfe1 Bc6 20. Bc1 Nb6 21. Nf5 Nc4 22. N3h4 Bxg2 23. Nxg2 Qd7 24. g4 Nd5 25. Qf3 Qc6 26. Bg5 Nxb4 27. Qxc6 Nxc6 28. Ra6 Re6 29. Rea1 Bc5 30. Nge3 Nd2 31. Nd5 Nf3+ 32. Kg2 Nxg5 33. Rxc6 Rxc6 34. Nfe7+ Bxe7 35. Nxe7+ Kf8 36. Nxc6 Ne4 37. Ra3 a6 38. Nxe5 Nd6 39. Ra1 f6 40. Nd7+ Ke7 41. Nc5 a5 42. Re1+ Kf7 43. Rd1 Rd8 44. Nb3 a4 45. Nc1 Nb7 46. Rxd8 Nxd8 47. Kf3 Ke6 48. Ke4 Kd6 49. h4 Kc5 50. Kd3 Ne6 51. h5 Kd5 52. Na2 Nc5+ 53. Kc2 Kc4 54. Nb4 Ne4 55. Nc6 Nxf2 56. Ne7 Nxg4 57. Nf5 g6 58. hxg6 hxg6 59. Nd6+ Kc5 0-1

[Event "Czech Open GM 2019"]
[Site "Pardubice"]
[Date "2019.07.24"]
[Round "6.29"]
[White "Dowgird, Filip"]
[Black "Kusa, Jakub"]
[Result "1-0"]
[WhiteElo "2298"]
[BlackElo "2199"]
[Annotator "NA"]
[PlyCount "93"]
[EventDate "2019.07.19"]
[EventType "swiss"]
[EventCountry "CZE"]
[SourceTitle "playchess.com"]
[Source "ChessBase"]
[SourceQuality "1"]

1. e4 c5 2. g3 d5 3. exd5 Qxd5 4. Nf3 Bg4 5. Bg2 Qe6+ 6. Kf1 Nc6 7. h3 Bh5 8. Na3 Qd7 9. d3 e6 10. Be3 Nf6 11. Nc4 Nd5 12. g4 Bg6 13. Nfe5 Nxe5 14. Nxe5 Nxe3+ 15. fxe3 Qc7 16. Nxg6 hxg6 17. Qf3 O-O-O 18. a4 g5 19. Ke2 c4 20. d4 Rh6 21. a5 Rf6 22. Qe4 Rd5 23. a6 b5 24. Rhf1 Rxf1 25. Kxf1 g6 26. c3 Qg3 27. Ke2 Kd7 28. Qf3 Qxf3+ 29. Bxf3 Rd6 30. Ra5 Rb6 31. Kd2 b4 32. Kc2 bxc3 33. bxc3 Rb3 34. Be2 Ra3 35. Rxa3 Bxa3 36. Bxc4 f5 37. Bb5+ Ke7 38. Kd3 Bb2 39. Bc6 f4 40. exf4 gxf4 41. h4 Kf6 42. Be4 e5 43. g5+ Ke6 44. d5+ Kd6 45. c4 Bd4 46. Ke2 Kc5 47. h5 1-0

[Event "Czech Open GM 2019"]
[Site "Pardubice"]
[Date "2019.07.24"]
[Round "6.30"]
[White "Salimova, Nurgyul"]
[Black "Ratsma, Rosa"]
[Result "1-0"]
[WhiteElo "2416"]
[BlackElo "2282"]
[Annotator "TA"]
[PlyCount "75"]
[EventDate "2019.07.19"]
[EventType "swiss"]
[EventCountry "CZE"]
[SourceTitle "playchess.com"]
[Source "ChessBase"]
[SourceQuality "1"]

1. e4 c5 2. Nf3 d6 3. d4 cxd4 4. Nxd4 Nf6 5. Nc3 a6 6. Bg5 e6 7. f4 h6 8. Bh4 Be7 9. Qf3 Qc7 10. O-O-O Nbd7 11. Be2 O-O 12. g4 b5 13. a3 Bb7 14. g5 Nh7 15. Qg3 hxg5 16. Bxg5 Nxg5 17. fxg5 g6 18. h4 Qc5 19. Kb1 Qe5 20. Qg4 Kg7 21. Nf3 Qc5 22. Nd5 Rae8 23. Nxe7 Rxe7 24. h5 Rh8 25. hxg6 Rxh1 26. Rxh1 fxg6 27. Qh4 Nf8 28. Qh8+ Kf7 29. Qf6+ Ke8 30. Rh8 Rf7 31. Qxe6+ Re7 32. Qxg6+ Kd7 33. Qf6 Bxe4 34. Nd4 Ne6 35. Bg4 Bxc2+ 36. Ka1 Bb3 37. Bxe6+ Bxe6 38. Rd8+ 1-0

[Event "Czech Open GM 2019"]
[Site "Pardubice"]
[Date "2019.07.24"]
[Round "6.30"]
[White "Ratsma, Midas"]
[Black "Debevec, Blaz"]
[Result "1/2-1/2"]
[WhiteElo "2295"]
[BlackElo "2195"]
[Annotator "NA"]
[PlyCount "82"]
[EventDate "2019.07.19"]
[EventType "swiss"]
[EventCountry "CZE"]
[SourceTitle "playchess.com"]
[Source "ChessBase"]
[SourceQuality "1"]

1. d4 Nf6 2. c4 g6 3. Nf3 Bg7 4. g3 O-O 5. Bg2 d6 6. O-O a6 7. Nc3 Nc6 8. Bf4 Bf5 9. d5 Na5 10. Nd2 c5 11. e4 Bg4 12. f3 Bd7 13. Qe2 b5 14. Rac1 Nxc4 15. Nxc4 bxc4 16. Qxc4 Qb6 17. Rf2 Rab8 18. Bf1 Bb5 19. Nxb5 axb5 20. Qc2 Qa5 21. a3 Nd7 22. Bd2 Qa7 23. Bc3 Bxc3 24. Qxc3 b4 25. axb4 Rxb4 26. Bh3 Rfb8 27. Bxd7 Qxd7 28. Rcc2 Qa4 29. Kg2 Rd4 30. h4 h5 31. Qe1 Qb3 32. Qc1 Kg7 33. Qg5 f6 34. Qc1 Ra8 35. Qe1 Raa4 36. Rfe2 Rac4 37. Rxc4 Qxc4 38. f4 Qb3 39. Kh2 Rd1 40. Qf2 Qd3 41. Qg2 Kf7 1/2-1/2

[Event "Czech Open GM 2019"]
[Site "Pardubice"]
[Date "2019.07.24"]
[Round "6.31"]
[White "Caletka, Radomir"]
[Black "Lalic, Bogdan"]
[Result "1/2-1/2"]
[WhiteElo "2286"]
[BlackElo "2411"]
[Annotator "NA"]
[PlyCount "36"]
[EventDate "2019.07.19"]
[EventType "swiss"]
[EventCountry "CZE"]
[SourceTitle "playchess.com"]
[Source "ChessBase"]
[SourceQuality "1"]

1. d4 Nf6 2. c4 e6 3. Nc3 Bb4 4. f3 c5 5. d5 O-O 6. e4 d6 7. Bd3 b5 8. Nge2 bxc4 9. Bxc4 exd5 10. Bxd5 Nxd5 11. Qxd5 Qb6 12. O-O Bb7 13. Qg5 Nd7 14. Ng3 Bxc3 15. bxc3 f6 16. Qd2 Ne5 17. Rd1 Rad8 18. Qf2 Rf7 1/2-1/2

[Event "Czech Open GM 2019"]
[Site "Pardubice"]
[Date "2019.07.24"]
[Round "6.31"]
[White "Rakshitta Ravi"]
[Black "Godzwon, Iwo"]
[Result "1/2-1/2"]
[WhiteElo "2112"]
[BlackElo "2285"]
[Annotator "NA"]
[PlyCount "82"]
[EventDate "2019.07.19"]
[EventType "swiss"]
[EventCountry "CZE"]
[SourceTitle "playchess.com"]
[Source "ChessBase"]
[SourceQuality "1"]

1. e4 c5 2. Nf3 e6 3. Nc3 d6 4. d4 cxd4 5. Nxd4 Nf6 6. g3 Be7 7. Bg2 O-O 8. O-O Nc6 9. Re1 Qb6 10. Nxc6 bxc6 11. Na4 Qc7 12. c4 Bb7 13. Nc3 Rfd8 14. Bf4 e5 15. Bg5 Bc8 16. Bxf6 Bxf6 17. Qe2 Qa5 18. a3 Be6 19. b4 Qa6 20. Bf1 Rac8 21. h4 Rd7 22. a4 Rb8 23. b5 cxb5 24. axb5 Qc8 25. Nd5 Bd8 26. Rec1 Bb6 27. Nxb6 Rxb6 28. Rc2 Rc7 29. Qe3 Qb8 30. c5 dxc5 31. Rxc5 Rxc5 32. Qxc5 h6 33. Rd1 Kh7 34. Be2 Rb7 35. Rd6 Rd7 36. Rxd7 Bxd7 37. Bc4 Kg8 38. Qe7 Qe8 39. Qc5 Qb8 40. Qe7 Qe8 41. Qc5 Qb8 1/2-1/2

[Event "Czech Open GM 2019"]
[Site "Pardubice"]
[Date "2019.07.24"]
[Round "6.32"]
[White "Kushko, Dmitry"]
[Black "Kosakowski, Jakub"]
[Result "1/2-1/2"]
[WhiteElo "2281"]
[BlackElo "2394"]
[Annotator "NA"]
[PlyCount "81"]
[EventDate "2019.07.19"]
[EventType "swiss"]
[EventCountry "CZE"]
[SourceTitle "playchess.com"]
[Source "ChessBase"]
[SourceQuality "1"]

1. Nf3 d5 2. g3 Nc6 3. d3 e5 4. Bg2 Nf6 5. O-O Be7 6. c4 d4 7. b4 Nxb4 8. Nxe5 O-O 9. Bb2 Re8 10. a3 Na6 11. Nd2 Bd6 12. Nef3 c5 13. Re1 Rb8 14. e3 dxe3 15. fxe3 Nc7 16. Qc2 Bg4 17. d4 Nd7 18. Ne4 Bf5 19. Nh4 Bxe4 20. Bxe4 g6 21. Bg2 Qe7 22. Nf3 b5 23. cxb5 Rxb5 24. a4 Rbb8 25. Rad1 cxd4 26. Nxd4 Ne5 27. Nc6 Nxc6 28. Bxc6 Rf8 29. Bd4 Ne6 30. Ba1 Rbc8 31. Qg2 f6 32. Rf1 Kg7 33. Bb7 Rcd8 34. Qe4 Nc5 35. Qxe7+ Bxe7 36. Bc6 Rxd1 37. Rxd1 Rc8 38. Bb5 a6 39. Bf1 Nxa4 40. Bxa6 Rc7 41. Bd4 1/2-1/2

[Event "Czech Open GM 2019"]
[Site "Pardubice"]
[Date "2019.07.24"]
[Round "6.32"]
[White "Mertanen, Janne"]
[Black "Ahn, Hongjin"]
[Result "0-1"]
[WhiteElo "2281"]
[BlackElo "2177"]
[Annotator "NA"]
[PlyCount "80"]
[EventDate "2019.07.19"]
[EventType "swiss"]
[EventCountry "CZE"]
[SourceTitle "playchess.com"]
[Source "ChessBase"]
[SourceQuality "1"]

1. d4 g6 2. e4 Nf6 3. e5 Nh5 4. Be2 d6 5. f4 dxe5 6. fxe5 c5 7. d5 e6 8. Nc3 Bg7 9. Nf3 exd5 10. Qxd5 O-O 11. Qxc5 Nd7 12. Qf2 Nxe5 13. Nxe5 Bxe5 14. Bxh5 Bd4 15. Qg3 Re8+ 16. Be2 Qe7 17. Qf3 Qh4+ 18. g3 Bg4 19. Qd3 Bxc3+ 20. bxc3 Qe7 21. O-O Bxe2 22. Qd4 Rad8 23. Qf6 Qxf6 24. Rxf6 Rd1+ 25. Kg2 Bc4 26. Bb2 Re2+ 27. Rf2 Bd5+ 28. Kh3 Be6+ 29. Kg2 Rdd2 30. Rxe2 Rxe2+ 31. Kf3 Rxc2 32. Bc1 Rxc3+ 33. Be3 Bd5+ 34. Ke2 Rc2+ 35. Kd3 Rxh2 36. Re1 Rxa2 37. Bd4 Be6 38. Kc3 Ra3+ 39. Kb4 Rb3+ 40. Ka4 Rxg3 0-1

[Event "Czech Open GM 2019"]
[Site "Pardubice"]
[Date "2019.07.24"]
[Round "6.33"]
[White "Barua, Dibyendu"]
[Black "Pacan-Milej, Kosma"]
[Result "1-0"]
[WhiteElo "2393"]
[BlackElo "2272"]
[Annotator "TA"]
[PlyCount "69"]
[EventDate "2019.07.19"]
[EventType "swiss"]
[EventCountry "CZE"]
[SourceTitle "playchess.com"]
[Source "ChessBase"]
[SourceQuality "1"]

1. e4 c5 2. Nf3 d6 3. d4 cxd4 4. Nxd4 Nf6 5. Nc3 a6 6. h3 e5 7. Nde2 b5 8. g4 b4 9. Nd5 Nxd5 10. Qxd5 Ra7 11. Be3 Be6 12. Qd2 Rd7 13. Qxb4 d5 14. Qa4 d4 15. Bd2 Qb6 16. O-O-O Bd6 17. Ng3 O-O 18. Nf5 Rc8 19. Nxd6 Rxd6 20. Kb1 Nd7 21. f3 Rdc6 22. Rc1 Rb8 23. Qa3 Nc5 24. Ba5 Qb7 25. Rh2 f6 26. c3 dxc3 27. Bxc3 Rbc8 28. Rhc2 Qd7 29. Be2 Bf7 30. Bb4 Ne6 31. Rxc6 Rxc6 32. Rxc6 Qxc6 33. Qxa6 Qxa6 34. Bxa6 Nd4 35. a4 1-0

[Event "Czech Open GM 2019"]
[Site "Pardubice"]
[Date "2019.07.24"]
[Round "6.33"]
[White "Szustakowski, Antoni"]
[Black "Zhukenov, Aituar"]
[Result "1-0"]
[WhiteElo "2279"]
[BlackElo "2164"]
[Annotator "NA"]
[PlyCount "83"]
[EventDate "2019.07.19"]
[EventType "swiss"]
[EventCountry "CZE"]
[SourceTitle "playchess.com"]
[Source "ChessBase"]
[SourceQuality "1"]

1. d4 Nf6 2. c4 c5 3. d5 e6 4. Nc3 exd5 5. cxd5 d6 6. Nf3 g6 7. Bf4 a6 8. a4 Bg7 9. h3 O-O 10. e3 Qe7 11. Be2 Nbd7 12. O-O Ne8 13. Re1 Ne5 14. e4 Nxf3+ 15. Bxf3 Rb8 16. a5 b5 17. axb6 Rxb6 18. Qd2 Nc7 19. Na4 Rb4 20. e5 Rxf4 21. Qxf4 Bxe5 22. Rxe5 Qxe5 23. Qxe5 dxe5 24. Nxc5 Rd8 25. Rd1 Nb5 26. Be2 Nd4 27. Bc4 Kf8 28. Ra1 Nc2 29. Ra4 Ke7 30. b3 f5 31. Nxa6 Bb7 32. Ra2 Nd4 33. Nb4 Ra8 34. Rd2 Kd6 35. f4 Ra3 36. fxe5+ Kxe5 37. d6 Ra8 38. d7 Rd8 39. Nd3+ Ke4 40. Nc5+ Ke3 41. Rxd4 Kxd4 42. Ne6+ 1-0

[Event "Czech Open GM 2019"]
[Site "Pardubice"]
[Date "2019.07.24"]
[Round "6.34"]
[White "Wilschut, Peter"]
[Black "Jezbera, Jiri"]
[Result "1-0"]
[WhiteElo "2279"]
[BlackElo "2133"]
[Annotator "NA"]
[PlyCount "79"]
[EventDate "2019.07.19"]
[EventType "swiss"]
[EventCountry "CZE"]
[SourceTitle "playchess.com"]
[Source "ChessBase"]
[SourceQuality "1"]

1. e4 c5 2. Nf3 e6 3. Qe2 Nc6 4. g3 g6 5. Bg2 Bg7 6. h4 h6 7. O-O d6 8. c3 Nge7 9. Na3 O-O 10. d4 cxd4 11. cxd4 d5 12. e5 Nf5 13. Nc2 Bd7 14. Rd1 Rc8 15. Ne3 Nxe3 16. Bxe3 Nb4 17. Ne1 Qb6 18. Qd2 Kh7 19. h5 Rc7 20. a3 Na6 21. hxg6+ fxg6 22. Rdc1 Rfc8 23. Rxc7 Qxc7 24. Bf1 Nb8 25. Nd3 Be8 26. Rc1 Qd8 27. Nf4 Rxc1 28. Qxc1 Qd7 29. Bh3 Bf7 30. Qc2 Qe8 31. Qc7 Nc6 32. Qxb7 Na5 33. Qa6 Nc4 34. Bxe6 g5 35. Bf5+ Kh8 36. Ne6 Qb8 37. Nxg7 Nxe3 38. Qxh6+ Kg8 39. Nh5 Bxh5 40. Be6+ 1-0

[Event "Czech Open GM 2019"]
[Site "Pardubice"]
[Date "2019.07.24"]
[Round "6.34"]
[White "Krak, Tomas"]
[Black "De Rover, Yong Hoon"]
[Result "0-1"]
[WhiteElo "2274"]
[BlackElo "2391"]
[Annotator "TA"]
[PlyCount "50"]
[EventDate "2019.07.19"]
[EventType "swiss"]
[EventCountry "CZE"]
[SourceTitle "playchess.com"]
[Source "ChessBase"]
[SourceQuality "1"]

1. Nf3 d5 2. d4 Nf6 3. c4 c6 4. Nc3 dxc4 5. a4 Bf5 6. Nh4 e6 7. Nxf5 exf5 8. e3 Bd6 9. Bxc4 O-O 10. Qf3 g6 11. h3 h5 12. Bd2 Nbd7 13. g4 fxg4 14. hxg4 Nxg4 15. Qg2 c5 16. f3 cxd4 17. fxg4 dxc3 18. Bxc3 Qg5 19. O-O-O Ne5 20. Bb3 Rad8 21. Qe4 Qxg4 22. Qxg4 Nxg4 23. Rdg1 Rc8 24. Kb1 Rxc3 25. bxc3 Kg7 0-1

[Event "Czech Open GM 2019"]
[Site "Pardubice"]
[Date "2019.07.24"]
[Round "6.35"]
[White "Schmidek, Emil"]
[Black "Shailesh, Dravid"]
[Result "0-1"]
[WhiteElo "2391"]
[BlackElo "2254"]
[Annotator "NA"]
[PlyCount "96"]
[EventDate "2019.07.19"]
[EventType "swiss"]
[EventCountry "CZE"]
[SourceTitle "playchess.com"]
[Source "ChessBase"]
[SourceQuality "1"]

1. e4 c5 2. Nf3 d6 3. d4 cxd4 4. Nxd4 Nf6 5. Nc3 a6 6. Bg5 Nbd7 7. Bc4 Qb6 8. Bb3 e6 9. Qd2 Be7 10. O-O-O Nc5 11. Rhe1 h6 12. Bxf6 Bxf6 13. f4 Qc7 14. Nf3 Be7 15. Kb1 b5 16. Qd4 O-O 17. g4 Bb7 18. g5 hxg5 19. Nxg5 Nxb3 20. axb3 b4 21. Na4 Rac8 22. Re2 e5 23. Qe3 exf4 24. Qxf4 Bxg5 25. Qxg5 Bxe4 26. Rdd2 d5 27. Qe3 f5 28. Nb6 Rcd8 29. Qd4 f4 30. Re1 f3 31. Red1 Rd6 32. Nc4 dxc4 33. Qxd6 Qxd6 34. Rxd6 f2 35. Rf1 Bg2 36. Rdd1 Bxf1 37. Rxf1 cxb3 38. cxb3 Rf3 39. Kc2 a5 40. Kd1 Kh7 41. Kc2 Kh6 42. Kd1 g5 43. Kc2 Kh5 44. Kd1 Kh4 45. Ke2 Rxb3 46. Ra1 Rxb2+ 47. Kf1 b3 48. Ra4+ Kh5 0-1

[Event "Czech Open GM 2019"]
[Site "Pardubice"]
[Date "2019.07.24"]
[Round "6.35"]
[White "Soham Datar"]
[Black "Iliaguev, Kafar"]
[Result "0-1"]
[WhiteElo "2129"]
[BlackElo "2276"]
[Annotator "NA"]
[PlyCount "92"]
[EventDate "2019.07.19"]
[EventType "swiss"]
[EventCountry "CZE"]
[SourceTitle "playchess.com"]
[Source "ChessBase"]
[SourceQuality "1"]

1. Nf3 g6 2. c4 c5 3. g3 Bg7 4. Bg2 Nc6 5. Nc3 e6 6. h4 h6 7. a3 Nge7 8. b4 d6 9. O-O O-O 10. Rb1 b6 11. Bb2 Bb7 12. Qb3 Qd7 13. e3 e5 14. d4 exd4 15. exd4 Nxd4 16. Nxd4 Bxg2 17. Kxg2 Bxd4 18. Rfe1 Kg7 19. Nb5 Bxb2 20. Qxb2+ f6 21. Rbd1 Qc6+ 22. f3 Nf5 23. Nc3 cxb4 24. axb4 Rae8 25. Ne4 h5 26. Qa2 a5 27. bxa5 bxa5 28. Qxa5 Qxc4 29. Rc1 Qd4 30. Rc7+ Rf7 31. Rxf7+ Kxf7 32. Qc7+ Re7 33. Nxd6+ Qxd6 34. Qxd6 Nxd6 35. Rf1 Nf5 36. Kh3 Re3 37. g4 Nd4 38. Kg2 Ke6 39. gxh5 gxh5 40. Kg3 Ke5 41. Kg2 Kf4 42. Ra1 Nxf3 43. Ra4+ Re4 44. Ra6 f5 45. Rh6 Nxh4+ 46. Kh3 Kg5 0-1

[Event "Czech Open GM 2019"]
[Site "Pardubice"]
[Date "2019.07.24"]
[Round "6.36"]
[White "Weishaeutel, Moritz"]
[Black "Petr, Jan"]
[Result "1-0"]
[WhiteElo "2276"]
[BlackElo "2282"]
[Annotator "NA"]
[PlyCount "80"]
[EventDate "2019.07.19"]
[EventType "swiss"]
[EventCountry "CZE"]
[SourceTitle "playchess.com"]
[Source "ChessBase"]
[SourceQuality "1"]

1. e4 c5 2. Nf3 Nc6 3. d4 cxd4 4. Nxd4 Nf6 5. Nc3 e5 6. Ndb5 d6 7. Bg5 a6 8. Na3 b5 9. Nd5 Be7 10. Bxf6 Bxf6 11. c4 b4 12. Nc2 Rb8 13. b3 Bg5 14. Be2 O-O 15. O-O f5 16. f4 exf4 17. Nxf4 Kh8 18. exf5 Bxf5 19. Nd5 Be4 20. Bf3 Bg6 21. Nd4 Nxd4 22. Qxd4 Qa5 23. Qg4 Bf6 24. Nxf6 Rxf6 25. Bd5 Rbf8 26. Rxf6 Qc5+ 27. Kh1 Rxf6 28. Qd7 Qf2 29. h3 h5 30. Qc8+ Kh7 31. Qxa6 Qe2 32. Qb6 Qd2 33. Qg1 Rf2 34. Bf3 Qb2 35. Qe1 Kh6 36. Rd1 Qxa2 37. Rxd6 Rb2 38. Be4 Re2 39. Qc1+ Kh7 40. Bf3 Re7 1-0